zpět

Detail výsledku týmu

Pivovarský Dvůr PO, Liberec

Datum a čas kvízu

42 Celkem bodů Celkový počet nahraných bodů na tomto kvízu bez doplňovacích otázek.
2. Pořadí na kvízu Konečné umístění týmu na tomto kvízu.

Zaznamenané odpovědi

# Otázka Odpověď Body Výsledky
1. Od minulého týdne až do 15. ří... rod Přemyslovců 0
2. Minulé úterý parlament schváli... ve Velké Británii 1
3. V pondělí jsme se dozvěděli, ž... Charlotte Gottová 1
4. Který unikátní předmět z Titan... záchranná vesta 0
5. Ve středu bylo zahájeno mistro... Bratislava; Trenčín 1
6. Vědci v minulosti několikrát t... D) 0
7. Světová zdravotnická organizac... o Rumunsko 0
8. V červenci 2025 Senát schválil... 3 (2 a 4 za půl bodu) 1
9. Na které z fotografií se nachá... A) 0
10. Tinktura z opia se v minulosti... laudanum 1